000 00470cam a2200181ua 4500
020 _c35.00
041 _aeng
_h
082 _a631.42
_bRIC/DI
100 _aRichards, L.A .
245 0 0 _aDiagnosis and Improvement of Saline and Alkali Soils /
_cL.A.Richards.
_hTextual Documents
250 _a1 /
_b.
260 _a :
_bOxford & IBH Publishing company ,
_c1968.
300 _a160 ; .
365 _a35.00
504 _a
942 _cBK
999 _c1353
_d1353